Brevíř moderního člověka /

Hlavní autor: Ječný, Dobromil, 1917-2009
Jazyk: Čeština
Vydáno: Praha : Svoboda, 1968
Vydání: 1. vyd.
Edice: Členská knižnice (Svoboda)
Externí odkaz: Digitalizovaný dokument
Fyzický popis: 163 s. ; 21 cm
Knihy
Uloženo v:
LEADER 01369nam a22003372a 4500
001 000205719
003 CZ BrMZK
005 20130924135411.0
007 ta
008 950101s1968 xr f cze d
015 |a cnb000423753 
035 |a (OCoLC)41978739 
040 |a ABA001  |b cze  |c PNA001  |d ABA001  |d BOA001 
080 9 |a 17.021.1+177.1 
100 1 |a Ječný, Dobromil,  |d 1917-2009  |7 jk01051375  |4 aut 
245 1 0 |a Brevíř moderního člověka /  |c Dobromil Ječný 
250 |a 1. vyd. 
260 |a Praha :  |b Svoboda,  |c 1968 
300 |a 163 s. ;  |c 21 cm 
490 1 |a Členská knižnice 
500 |a Dostupné též v digitalni podobě v aplikaci Kramerius 
500 |a 75700 výt. 
830 0 |a Členská knižnice (Svoboda)  |0 s 
856 4 1 |u http://www.digitalniknihovna.cz/mzk/uuid/uuid:38cc255f-84eb-4ea6-b56a-90b41293def5  |y Digitalizovaný dokument 
910 |a BOA001  |b 2-0601.245  |b PK-0050.491 
990 |a BK 
991 |p NDK 2012/173  |b 201110 
996 6 |b 2619911256  |c 2-0601.245  |l HP2  |r DEN  |n 3  |w 000205719  |u 000010  |a 1  |e BOA001  |j MZK50  |s P 
996 7 |b 3119678942  |c PK-0050.491  |l MZK  |r Sklad / do 1 hodiny  |n 0  |w 000205719  |u 000030  |a 1  |e BOA001  |j MZK50  |s A 
996 7 |b 3119685509  |c PK-0050.491  |l MZK  |r Sklad / do 1 hodiny  |n 0  |w 000205719  |u 000040  |a 1  |e BOA001  |j MZK50  |s A 
996 7 |b 3119988170  |c PK-0050.491  |l MZK  |r Sklad / do 1 hodiny  |n 1  |w 000205719  |u 000020  |a 1  |e BOA001  |j MZK50  |s A